000 00903cam a2200301M 4500
001 74957
005 20230410115738.0
008 091207s2005 nju 000 u eng d
035 _a(OCoLC)ocn474797067
040 _aDKDLA
_bdan
_cDKDLA
020 _a0131499084 (alk. paper)
020 _a9780131499089 (alk. paper)
029 0 _aDKDLA
_b32842464
035 _a(OCoLC)474797067
050 1 4 _aHG6024.A3
_bH913o 2005
084 _a332.645
_2z
245 0 0 _aOptions, futures, and other derivatives /
_cJohn C. Hull.
250 _a6. ed.
260 _aUpper Saddle River, NJ :
_bPearson, Prentice Hall,
_c2005.
300 _a789 p. :
_bill. +
_e1 cd-rom i lomme.
504 _aIncludes bibliographical references and index.
650 4 _aFutures.
650 4 _aStock options.
650 4 _aDerivative securities.
700 1 _aHull, John,
_d1946-.
942 _2lcc
_cbk
994 _aC0
_bDRFGD
999 _c47172
_d47172